| 000 | 00424nam a22001697a 4500 | ||
|---|---|---|---|
| 005 | 20180806112121.0 | ||
| 008 | 160514b xxu||||| |||| 00| 0 eng d | ||
| 020 | _a978-0-07-0660220-5 | ||
| 041 | _aeng | ||
| 082 |
_b2184 _a658.3 |
||
| 100 |
_aK. Aswathappa _9572 |
||
| 245 | _aHuman Resource Management | ||
| 260 |
_aNew Delhi _bMc Graw Hill Companies, _c2009 |
||
| 300 | _a714p, | ||
| 650 |
_aManagement _9241 |
||
| 942 | _cBK | ||
| 999 |
_c815 _d815 |
||